000 00744nam a22002297a 4500
003 UA-OsUOA
001 90846
007 ta
008 20121120b un ||||| |||| 00| 0 ukr d
100 _aАсаул А.М.
700 _aКоваль О.С.
090 _a330(477)
_bА90
942 _cSA
040 _aUA-OsUOA
_bukr
_cUA-OsUOA
_dUA-OsUOA
245 _aОсновні напрями підвищення якості та ефективності розробки і прийняття управлінських рішень у підприємницьких структурах
300 _aС.29-38
955 _a0
041 _aukr
080 _a330(477)
773 0 _w90842
650 7 _a330 Економіка взагалі
_2UDC
999 _c377119
_d377119